| 000 | 00941nam a2200289 a 4500 | ||
|---|---|---|---|
| 001 | 76539 | ||
| 003 | BD-RjUL | ||
| 005 | 20211209082846.0 | ||
| 008 | 191218r19651962at a b 001 0 eng d | ||
| 020 | _a0195515544 | ||
| 035 | _a(OCoLC)ocm49383794 | ||
| 035 | _a(BD-RjUL)76763 | ||
| 035 | _a(BD-RjUL)19602 | ||
| 040 |
_aANL _cDLC _dUKM _dBD-RjUL _beng |
||
| 041 | _aeng | ||
| 082 | 0 | 0 |
_a759.994 _221 _bSMA 1962 |
| 100 | 1 |
_aSmith, Bernard, _d1916-2011. _960041 |
|
| 245 | 1 | 0 |
_aAustralian painting, 1788-1960 / _cBernard Smith |
| 260 |
_a Melbourne : _bOxford University Press, _c1962 [1965] |
||
| 300 |
_ax, 357 p. : _bill. (some col.) ; _c25 cm. |
||
| 500 | _aPrevious ed. published as: Australian painting 1788-1960. Oxford University Press, 1962. | ||
| 504 | _aIncludes bibliographical references and index. | ||
| 650 | 0 |
_aPainting, Australian. _960042 |
|
| 942 |
_2ddc _cBK |
||
| 999 |
_c76539 _d76539 |
||